| 000 | 01151nam a2200313 a 4500 | ||
|---|---|---|---|
| 001 | 000025065 | ||
| 005 | 20250611114542.0 | ||
| 008 | 110201s1971 ag r 000 | spa d | ||
| 040 |
_aDO-SdBNP _bspa _cBNPHU |
||
| 041 | 1 | 7 |
_aeng _hspa _2Código de idioma MARC |
| 082 |
_a370.15 _bB126p |
||
| 100 | 1 |
_aBackman, Carl W. _951436 |
|
| 240 | 1 | 0 |
_aA social psychological view of education. _lEspañol |
| 245 | 1 | 0 |
_aPsicología social y educación / _cCarl W. Backman y Paul F. Secord ;Versión castellana de Inés Pardal. |
| 260 |
_aBuenos Aires, (Argentina) : _bEditorial Paidós, _c1971. |
||
| 300 |
_a237 p. ; _c19 cm. |
||
| 490 | 1 | _aBiblioteca del Educador Contemporáneo | |
| 490 | 1 |
_aMenor ; _v129 |
|
| 534 |
_aTítulo original : _tA social psychological view of education. |
||
| 650 | 0 |
_aPsicopedagogía _91570 |
|
| 650 | 4 |
_aSociología de la educación _97856 |
|
| 650 | 4 |
_aAmbiente educativo _929043 |
|
| 650 | 0 |
_aAdaptación social (Psicología) _947669 |
|
| 700 | 1 |
_aPardal, Inés _950103 |
|
| 700 | 1 |
_aSecord, Paul F. _951437 |
|
| 830 | 0 |
_aBiblioteca del Educador Contemporáneo _951438 |
|
| 830 | 0 |
_aMenor _v129 _951439 |
|
| 049 | _aBNGR | ||
| 999 |
_c24558 _d24558 |
||